Apuntes : (Registro nro. 2717)

Detalles MARC
000 -LEADER
campo de control de longitud fija 00602nam a22001817a 4500
001 - NÚMERO DE CONTROL
campo de control 2717
003 - IDENTIFICADOR DE NÚMERO DE CONTROL
campo de control HMS
005 - FECHA Y HORA DE LA ÚLTIMA TRANSACCIÓN
campo de control 20250901115618.0
008 - DATOS DE LONGITUD FIJA--INFORMACIÓN GENERAL
campo de control de longitud fija 250901b cl ||||| |||| 00| 0 spa d
040 ## - FUENTE DE CATALOGACIÓN
Centro catalogador/agencia de origen hms
Lengua de catalogación eng
Centro/agencia transcriptor hms
050 04 - SIGNATURA TOPOGRÁFICA DE LA BIBLIOTECA DEL CONGRESO
Número de clasificación WV21
Número de ítem O884
245 00 - MENCIÓN DEL TÍTULO
Título Apuntes :
Resto del título The Otolaryngologic Clinics of North America /
Medio [revista]
Número de parte o sección de la obra Volumen 36 Number 2 April 2003
260 ## - PUBLICACIÓN, DISTRIBUCIÓN, ETC.
Lugar de publicación, distribución, etc. Filadelfia:
Nombre del editor, distribuidor, etc. W. B. Saunders,
-- Elsevier Science,
Fecha de publicación, distribución, etc. 1968-
300 ## - DESCRIPCIÓN FÍSICA
Extensión Vol.
500 ## - NOTA GENERAL
Nota general Tinnitus : Advances in Evaluation and Management
650 #7 - PUNTO DE ACCESO ADICIONAL DE MATERIA--TÉRMINO DE MATERIA
Término de materia o nombre geográfico como elemento de entrada OTOLARINGOLOGIA
Subdivisión de forma PUBLICACIONES PERIODICAS.
9 (RLIN) 4113
942 ## - ELEMENTOS DE ENTRADA SECUNDARIOS (KOHA)
Fuente del sistema de clasificación o colocación Clasificación de Library of Congress
Tipo de ítem Koha Colección Médica
Suprimir en OPAC No
Existencias
Estatus retirado Estado de pérdida Fuente del sistema de clasificación o colocación Estado de daño No para préstamo Colección Biblioteca de origen Biblioteca actual Ubicación en estantería Fecha de adquisición Número de inventario Total de préstamos Signatura topográfica completa Código de barras Visto por última vez Copia número Precio de reemplazo Tipo de ítem Koha
    Clasificación de Library of Congress     Colección Reserva Biblioteca Hospital Militar de Santiago Biblioteca Hospital Militar de Santiago Full Space 01/09/2025 001915   WV21 O884 2003 001915 01/09/2025 c.1 01/09/2025 Colección de Hemeroteca


Biblioteca Hospital Militar de Santiago / Av. Alcalde Fernando Castillo Velasco 9100
Teléfono: 22 331 7229 / E-mail: biblioteca@hms.cl
Horarios de Atención
Lunes a Viernes de: 08:00 a 13:00 hrs / 14:00 a 17:00 hrs